000 00366nam a22001457a 4500
008 150901b xxu||||| |||| 00| 0 eng d
020 _a969-35-0789-0
082 _a891.4393 ASH
100 _96462
_aAhmed, Ashaq
245 _aSubhanay fasanay
_cAshfaq Ahmed
260 _c2012
300 _a279p.
650 _96465
_bGeneral book
_xUrdu Lietrature
942 _2ddc
_cBK
999 _c65008
_d65008